<The> Hungarian labour market 2016

Salvato in:
Dettagli Bibliografici
Natura: Libro
Lingua:inglese
Pubblicazione: Budapest Institute of Economics, Centre for Economic and Regional Studies, Hungarian Academy of Sciences 2016
Soggetti:
Tags: Aggiungi Tag
Nessun Tag, puoi essere il primo ad aggiungerne!!

MARC

LEADER 00000nam$a2200000$$$4500
001 0228039
005 20230314072134.1
022 |a 1785-8062 
041 0 |a eng 
044 |a HU 
245 1 0 |a <The> Hungarian labour market 2016 
264 1 |a Budapest  |b Institute of Economics, Centre for Economic and Regional Studies, Hungarian Academy of Sciences  |c 2016 
300 |a 268 s. 
610 2 0 |a trh práce 
610 2 0 |a nezamestnanosť 
610 2 0 |a pohyb síl pracovných medzinárodný 
610 2 0 |a migrácia 
610 2 0 |a imigrácia 
610 2 0 |a emigrácia 
610 2 0 |a Maďarsko